Southville International School and Colleges
Your cart is empty.
  • Cart
  • Lists
    Public lists Eva Luna New books Lux_list list_1
    Your lists Log in to create your own lists
  • Log in to your account
  • Your cookies
  • Search history
Southville International School and Colleges
  • Advanced search
  • Recent comments
  • Most popular
  • Libraries

Log in to your account

Log in with GOOGLE


If you do not have an external account, but do have a local account, you can still log in:

  1. Home
  2. MARC view: An at-home guide to children's sensory and behavioral problems :
Normal view MARC view ISBD view

An at-home guide to children's sensory and behavioral problems : (Record no. 366187)

[ view plain ]
MARC details
000 -LEADER
fixed length control field 00723nam a22002057a 4500
003 - CONTROL NUMBER IDENTIFIER
control field 0
005 - DATE AND TIME OF LATEST TRANSACTION
control field 20250408175452.0
008 - FIXED-LENGTH DATA ELEMENTS--GENERAL INFORMATION
fixed length control field 240906b xxu||||| |||| 00| 0 eng d
020 ## - INTERNATIONAL STANDARD BOOK NUMBER
International Standard Book Number 978-1-03-241929-9
050 ## - LIBRARY OF CONGRESS CALL NUMBER
Classification number RJ 496
Item number .G37 2024
100 ## - MAIN ENTRY--PERSONAL NAME
Personal name Garofallou, Linda
Relator term author.
245 ## - TITLE STATEMENT
Title An at-home guide to children's sensory and behavioral problems :
Statement of responsibility, etc Linda Garofallou and Louisa Silva.
260 ## - PUBLICATION, DISTRIBUTION, ETC. (IMPRINT)
Place of publication, distribution, etc New York, NY :
Name of publisher, distributor, etc Routledge,
Date of publication, distribution, etc 2024.
300 ## - PHYSICAL DESCRIPTION
Extent xix, 231 p. :
Other physical details ill. ;
Dimensions 28 cm.
504 ## - BIBLIOGRAPHY, ETC. NOTE
Bibliography, etc Includes bibliographical references and index.
650 ## - SUBJECT ADDED ENTRY--TOPICAL TERM
Topical term or geographic name as entry element Sensory integration dysfunction in children
General subdivision Physical therapy.
650 ## - SUBJECT ADDED ENTRY--TOPICAL TERM
Topical term or geographic name as entry element Qi gong
General subdivision Therapeutic use.
650 ## - SUBJECT ADDED ENTRY--TOPICAL TERM
Topical term or geographic name as entry element Massage for children.
942 ## - ADDED ENTRY ELEMENTS (KOHA)
Source of classification or shelving scheme Library of Congress Classification
Koha item type Books
Holdings
Withdrawn status Lost status Source of classification or shelving scheme Damaged status Home library Current library Shelving location Date acquired Source of acquisition Sub Shelving location Total Checkouts Full call number Barcode Date last seen Copy number Price effective from Koha item type
    Library of Congress Classification   College Library College Library Reserve Section 09/06/2024 Library Fund     RJ 496 .G37 2024 C23500 09/06/2024 1 09/06/2024 Books

An at-home guide to children's sensory and behavioral problems :

APA

Garofallou L., . (2024). An at-home guide to children's sensory and behavioral problems. New York, NY: Routledge.

Chicago

Garofallou Linda, . 2024. An at-home guide to children's sensory and behavioral problems. New York, NY: Routledge.

Harvard

Garofallou L., . (2024). An at-home guide to children's sensory and behavioral problems. New York, NY: Routledge.

MLA

Garofallou Linda, . An at-home guide to children's sensory and behavioral problems. New York, NY: Routledge. 2024.

  • Place hold
  • Print
  • Cite
  • Add to your cart (remove)
  • Save record
    BIBTEX Dublin Core MARCXML MARC (non-Unicode/MARC-8) MARC (Unicode/UTF-8) MARC (Unicode/UTF-8, Standard) MODS (XML) RIS
  • More searches
    Search for this title in:
    Other Libraries (WorldCat) Other Databases (Google Scholar) Online Stores (Bookfinder.com) Open Library (openlibrary.org)

Exporting to Dublin Core...

SOUTHVILLE LIBRARY

Southville International School and Colleges Library

1281 Tropical Ave. Cor. Luxembourg St., BF Homes International, Las Pinas City

Tel. No. 8256374 / 252358 Loc. 117/146

Powered by Koha